Cracking in historic masonry and surface finishes: conservation approaches and solutions (Record no. 74990)
[ view plain ]
| 000 -LEADER | |
|---|---|
| fixed length control field | 01323cab a2200241 4500 |
| 001 - CONTROL NUMBER | |
| control field | ABS68801 |
| 008 - FIXED-LENGTH DATA ELEMENTS--GENERAL INFORMATION | |
| fixed length control field | 050329n2005 000 0 eng u |
| 035 ## - SYSTEM CONTROL NUMBER | |
| System control number | (Sirsi) u129192 |
| 100 ## - MAIN ENTRY--PERSONAL NAME | |
| Personal name | Edwards, J. |
| 245 ## - TITLE STATEMENT | |
| Title | Cracking in historic masonry and surface finishes: conservation approaches and solutions |
| 260 ## - PUBLICATION, DISTRIBUTION, ETC. | |
| Date of publication, distribution, etc. | 2005 |
| 490 ## - SERIES STATEMENT | |
| Series statement | Journal of Building Appraisal |
| Volume/sequential designation | 1(1) February 2005, 20-33(14) |
| 520 ## - SUMMARY, ETC. | |
| Summary, etc. | Sets out to explain briefly what conservation is and what it means to properly implement it. It also describes the necessary tools to make sure it happens and details why conservation is the right approach. Looks at the technology of solid wall construction and different types of cracks, in terms of their identification, significance and possible treatment. Uses Cardiff Castle as a case study to describe the implications that cracks can have on the interiors of buildings. Intended to provide an overview of the issues largely from a practical perspective. References. [Taken from journal abstract]. |
| 590 ## - LOCAL NOTE (RLIN) | |
| Local note | ABS |
| 650 ## - SUBJECT ADDED ENTRY--TOPICAL TERM | |
| Topical term or geographic name entry element | HISTORIC BUILDINGS |
| 650 ## - SUBJECT ADDED ENTRY--TOPICAL TERM | |
| Topical term or geographic name entry element | SOLID WALLS |
| 650 ## - SUBJECT ADDED ENTRY--TOPICAL TERM | |
| Topical term or geographic name entry element | MASONRY |
| 650 ## - SUBJECT ADDED ENTRY--TOPICAL TERM | |
| Topical term or geographic name entry element | BUILDING DEFECTS |
| 650 ## - SUBJECT ADDED ENTRY--TOPICAL TERM | |
| Topical term or geographic name entry element | CRACKING |
| 650 ## - SUBJECT ADDED ENTRY--TOPICAL TERM | |
| Topical term or geographic name entry element | BUILDING SURVEYS |
| 690 ## - LOCAL SUBJECT ADDED ENTRY--TOPICAL TERM (OCLC, RLIN) | |
| Topical term or geographic name as entry element | BUILT ENVIRONMENT-BUILDING MAINTENANCE AND REFURBISHMENT-BUILDING CONSERVATION |
| 942 ## - ADDED ENTRY ELEMENTS (KOHA) | |
| Suppress in OPAC | 0 |
| Withdrawn status | Lost status | Source of classification or shelving scheme | Damaged status | Not for loan | Home library | Current library | Shelving location | Date acquired | Total Checkouts | Full call number | Barcode | Date last seen | Copy number | Price effective from | Koha item type |
|---|---|---|---|---|---|---|---|---|---|---|---|---|---|---|---|
| Dewey Decimal Classification | London | London | Journal article | 29/03/2005 | ABS68801 | 129192-1001 | 06/08/2019 | 1 | 06/08/2019 | Journal article |